|
|
|
|
| LEADER |
00000nam0a2200000 4500 |
| 001 |
379252 |
| 005 |
20231117104848.0 |
| 010 |
|
|
|a 978-5-17-074543-2
|
| 010 |
|
|
|a 978-5-271-39256-6
|
| 035 |
|
|
|a (RuTPU)RU\TPU\retro\36715
|
| 090 |
|
|
|a 379252
|
| 100 |
|
|
|a 20230810d2012 m||y0rusy50 ca
|
| 101 |
1 |
|
|a rus
|c fre
|
| 102 |
|
|
|a RU
|
| 105 |
|
|
|a y z 000gy
|
| 181 |
|
0 |
|a i
|b e
|
| 182 |
|
0 |
|a n
|
| 183 |
|
0 |
|a nc
|2 RDAcarrier
|
| 200 |
1 |
|
|a Сирано де Бержерак. Орленок
|e пьесы
|f Эдмон Ростан
|g пер. с фр. Т. Л. Щепкиной-Куперник
|
| 203 |
|
|
|a Текст
|b визуальный
|c непосредственный
|
| 210 |
|
|
|a Москва
|c АСТ
|c Астрель
|d 2012
|
| 215 |
|
|
|a 637 с.
|
| 225 |
1 |
|
|a Зарубежная классика
|
| 283 |
|
|
|a volume
|2 RDAcarrier
|
| 606 |
1 |
|
|a Французская литература
|x Произведения
|9 81252
|
| 610 |
1 |
|
|a художественная литература
|
| 610 |
1 |
|
|a пьесы
|
| 610 |
1 |
|
|a комедии
|
| 675 |
|
|
|a 84
|v 4
|z rus
|
| 700 |
|
1 |
|a Ростан
|b Э.
|4 070
|g Эдмон
|
| 702 |
|
1 |
|4 730
|a Щепкина-Куперник
|b Т. Л.
|
| 801 |
|
1 |
|a RU
|b 63413507
|c 20230810
|
| 942 |
|
|
|c BK
|